Research Methodology (Record no. 343252)

MARC details
000 -LEADER
fixed length control field 00488nam a2200181Ia 4500
008 - FIXED-LENGTH DATA ELEMENTS--GENERAL INFORMATION
fixed length control field 230718s9999 xx 000 0 und d
020 ## - INTERNATIONAL STANDARD BOOK NUMBER
International Standard Book Number 978931501336
041 ## - LANGUAGE CODE
Language code of text/sound track or separate title eng
082 ## - DEWEY DECIMAL CLASSIFICATION NUMBER
Classification number 301.072
Item number KUM
100 ## - MAIN ENTRY--PERSONAL NAME
Personal name Kumar R.
245 ## - TITLE STATEMENT
Title Research Methodology
Remainder of title A Step-by-Step Guide For Beginners
250 ## - EDITION STATEMENT
Edition statement 4th ed.
260 ## - PUBLICATION, DISTRIBUTION, ETC. (IMPRINT)
Date of publication, distribution, etc. 2014
Name of publisher, distributor, etc. Sage Publication
300 ## - PHYSICAL DESCRIPTION
Extent 399
365 ## - TRADE PRICE
Currency code Rs.
Price amount 550.00
700 ## - ADDED ENTRY--PERSONAL NAME
Personal name Kumar R.
906 ## - LOCAL DATA ELEMENT F, LDF (RLIN)
d O:0531326-Sep-2016B:IN106909-Sep-2016
c MTE
b 412.5
Holdings
Withdrawn status Lost status Damaged status Not for loan Home library Current library Date acquired Vendor Budget Code Cost, normal purchase price Bill number Total Checkouts Full call number Barcode Date last seen Discount Cost, replacement price Bill Date Koha item type Original Barcode
        Cummins College of Engineering for Women Pune Cummins College of Engineering for Women Pune 26/09/2016 Pradeep Book Distributors MTE 412.50 IN1069   301.072 CCEP-BK-54459 18/07/2023 412.5 550.00 09/09/2016 Books 054459